تحميل...

Introduction to Hp spaces

التفاصيل البيبلوغرافية
المؤلف الرئيسي: Koosis, Paul
التنسيق: Printed Book
منشور في: Cambridge University Press, Cambridge 1980
الموضوعات:
LEADER 00498nam a2200169 4500
082 |a 515.5 KOO-I;1 
100 |a Koosis, Paul 
245 |a Introduction to Hp spaces  |c Paul Koosis 
250
260 |a Cambridge University Press, Cambridge  |c 1980 
300
490
650 |a Special functions-- Analysis-- Mathematics 
700
942 |c BK 
999 |c 201840  |d 201840 
952 |0 0  |1 0  |4 0  |6 515_500000000000000_KOOI1  |7 0  |9 215189  |a MAT  |b MAT  |l 0  |o 515.5 KOO-I;1  |p MAT2938  |r 2019-11-01  |w 2019-11-01  |y BK